[Event "Bulgaria ch 2009"]
[Site "Blagoevgrad BUL"]
[Date "2009.02.12"]
[Round "1.1"]
[White "Rusev, Krasimir"]
[Black "Pantev, Veselin"]
[Result "1-0"]
[WhiteElo "2546"]
[BlackElo "2381"]
[PlyCount "161"]
[EventDate "2009.02.12"]
[EventType "tourn"]
[EventRounds "13"]
[EventCountry "BUL"]
[EventCategory "8"]
[Source "lmi"]
[SourceDate "2009.02.12"]

1. d4 Nf6 2. c4 e6 3. Nc3 d5 4. Bg5 Be7 5. e3 h6 6. Bh4 O-O 7. Nf3 b6 8. Qb3
Bb7 9. Bxf6 Bxf6 10. cxd5 exd5 11. Rd1 c6 12. Bd3 Nd7 13. O-O Qc7 14. Rfe1 Rad8
15. e4 dxe4 16. Nxe4 c5 17. d5 Qf4 18. Bb5 Kh8 19. g3 Qg4 20. Bc6 Bc8 21. Nxf6
Nxf6 22. Ne5 Qh5 23. d6 Ng4 24. Nxg4 Bxg4 25. Rd2 Qg5 26. Qe3 Qg6 27. Qe7 Kg8
28. h4 a5 29. Kh2 Be6 30. b3 Qf5 31. d7 g5 32. Kg1 gxh4 33. Qxh4 Kg7 34. Qe7
Qf6 35. Qd6 h5 36. Re4 Bf5 37. Rh4 Bg4 38. f3 Qxd6 39. Rxd6 Be6 40. Rxh5 Kf6
41. Bb5 Rb8 42. f4 Ke7 43. Rd2 Rfd8 44. Re5 Kf6 45. Bc6 a4 46. bxa4 c4 47. Re3
Bf5 48. Rd6+ Kg7 49. Kg2 Rh8 50. Bb5 Rbd8 51. Kf3 Be6 52. Rexe6 fxe6 53. Bxc4
Kf8 54. Rxe6 Rxd7 55. Rxb6 Rh1 56. Rb8+ Ke7 57. a5 Rc1 58. Bb5 Rdc7 59. a6
R1c3+ 60. Kg4 Ra3 61. Kh4 Rc5 62. g4 Rxa2 63. Rb7+ Kf8 64. Rb6 Ke7 65. f5 Ra5
66. Bc6 Kd6 67. Bb7+ Ke7 68. Kh5 Kf7 69. Rd6 Ke7 70. Rh6 Kf7 71. Kg5 Kg7 72.
Rd6 Kf7 73. Rd7+ Ke8 74. Rh7 Kf8 75. Kg6 Rcb5 76. Rf7+ Kg8 77. Rc7 Kf8 78. Bc8
Rd5 79. a7 Rd4 80. f6 Rda4 81. Be6 1-0

[Event "Bulgaria ch 2009"]
[Site "Blagoevgrad BUL"]
[Date "2009.02.12"]
[Round "1.2"]
[White "Enchev, Ivajlo"]
[Black "Filev, Georgi"]
[Result "1/2-1/2"]
[WhiteElo "2382"]
[BlackElo "2378"]
[PlyCount "75"]
[EventDate "2009.02.12"]
[EventType "tourn"]
[EventRounds "13"]
[EventCountry "BUL"]
[EventCategory "8"]
[Source "lmi"]
[SourceDate "2009.02.12"]

1. d4 d5 2. c4 e6 3. Nc3 c5 4. cxd5 exd5 5. Nf3 Nc6 6. g3 Nf6 7. Bg2 Be7 8. O-O
O-O 9. Bg5 Be6 10. dxc5 Bxc5 11. Bxf6 Qxf6 12. Nxd5 Qxb2 13. Nc7 Rad8 14. Qc1
Qxc1 15. Raxc1 b6 16. Nxe6 fxe6 17. e3 h6 18. Rc4 Rd6 19. h4 Rxf3 20. Bxf3 Ne5
21. Be2 Nxc4 22. Bxc4 Kf7 23. Bb3 Kf6 24. Kg2 Rd2 25. Kf3 a5 26. Rd1 Rxd1 27.
Bxd1 b5 28. Be2 b4 29. Bd1 g5 30. hxg5+ hxg5 31. Ke4 Bd6 32. Bb3 e5 33. Kd5 Be7
34. g4 Bf8 35. Kc6 Be7 36. Kd7 Bc5 37. Kc6 Be7 38. Kd5 1/2-1/2

[Event "Bulgaria ch 2009"]
[Site "Blagoevgrad BUL"]
[Date "2009.02.12"]
[Round "1.4"]
[White "Vutov, M  Mario"]
[Black "Berbatov, Kiprian"]
[Result "0-1"]
[WhiteElo "2262"]
[BlackElo "2392"]
[PlyCount "98"]
[EventDate "2009.02.12"]
[EventType "tourn"]
[EventRounds "13"]
[EventCountry "BUL"]
[EventCategory "8"]
[Source "lmi"]
[SourceDate "2009.02.12"]

1. e4 c5 2. Nf3 d6 3. d4 cxd4 4. Nxd4 Nf6 5. Nc3 a6 6. Be2 e6 7. O-O b5 8. Bf3
Ra7 9. Qe2 Rc7 10. a4 bxa4 11. Rxa4 Nbd7 12. Rd1 Be7 13. g3 O-O 14. Nb3 Qe8 15.
Ra1 Ne5 16. Bg2 Nfd7 17. Na5 Nb6 18. Ra2 Nbc4 19. Nxc4 Nxc4 20. Na4 Bb7 21. b3
Ne5 22. c4 Qb8 23. f4 Nd7 24. Be3 Bc6 25. Qd3 Rb7 26. Rb1 Rc8 27. Qd1 Bd8 28.
Nc3 a5 29. h3 Bf6 30. Ne2 a4 31. Nd4 Bxd4 32. Qxd4 e5 33. Qd1 Rxb3 34. Raa1 Qb4
35. Bf2 Nc5 36. Be1 Qxc4 37. Qxd6 Qd4+ 38. Qxd4 exd4 39. Bf2 Bxe4 40. Rc1 Bxg2
41. Rxa4 Bxh3 42. Rac4 d3 43. Rxc5 Rxc5 44. Bxc5 Bg4 45. Re1 h5 46. Re8+ Kh7
47. Rd8 Rb1+ 48. Kf2 Rb2+ 49. Ke3 Bf5 0-1

[Event "Bulgaria ch 2009"]
[Site "Blagoevgrad BUL"]
[Date "2009.02.12"]
[Round "1.5"]
[White "Arnaudov, G  Petar"]
[Black "Petkov, Vladimir"]
[Result "0-1"]
[WhiteElo "2347"]
[BlackElo "2504"]
[PlyCount "54"]
[EventDate "2009.02.12"]
[EventType "tourn"]
[EventRounds "13"]
[EventCountry "BUL"]
[EventCategory "8"]
[Source "lmi"]
[SourceDate "2009.02.12"]

1. d4 Nf6 2. Nf3 e6 3. g3 b5 4. Qd3 a6 5. Bg2 Bb7 6. Bg5 c5 7. a4 Nc6 8. O-O
Nb4 9. Qd1 cxd4 10. Nxd4 Bxg2 11. Kxg2 Bc5 12. c3 Nbd5 13. e4 h6 14. Bh4 g5 15.
exd5 Nxd5 16. b4 Bb6 17. axb5 axb5 18. Rxa8 Qxa8 19. Kg1 gxh4 20. Qg4 h3 21.
Qf3 Bxd4 22. cxd4 Ke7 23. Nd2 Nxb4 24. Ne4 f5 25. Qc3 Qxe4 26. Qxb4+ Kf7 27. f3
Qe3+ 0-1

[Event "Bulgaria ch 2009"]
[Site "Blagoevgrad BUL"]
[Date "2009.02.12"]
[Round "1.6"]
[White "Bojkov, Dejan"]
[Black "Radulski, Julian"]
[Result "1-0"]
[WhiteElo "2477"]
[BlackElo "2579"]
[PlyCount "89"]
[EventDate "2009.02.12"]
[EventType "tourn"]
[EventRounds "13"]
[EventCountry "BUL"]
[EventCategory "8"]
[Source "lmi"]
[SourceDate "2009.02.12"]

1. e4 e5 2. Nf3 Nc6 3. Bc4 Nf6 4. d3 Be7 5. O-O O-O 6. Re1 d6 7. c3 Na5 8. Bb5
c5 9. Nbd2 Bd7 10. Bxd7 Qxd7 11. Nf1 Nc6 12. Ne3 d5 13. Nf5 Bd8 14. Bg5 g6 15.
Bxf6 Bxf6 16. Ne3 d4 17. Nd5 Bg7 18. Qb3 Kh8 19. Qb5 b6 20. a4 Rad8 21. cxd4
exd4 22. b4 f5 23. bxc5 fxe4 24. dxe4 a6 25. Qb3 bxc5 26. Rac1 Qd6 27. Nd2 Rb8
28. Qa3 Nb4 29. Nc4 Qe6 30. Nxb4 Rxb4 31. Qd3 Rxa4 32. e5 Ra2 33. Rc2 Rxc2 34.
Qxc2 Rb8 35. f4 Bf8 36. h3 Rb4 37. Rc1 Bh6 38. Nd6 c4 39. Qe4 c3 40. Rxc3 Bf8
41. Rc8 Kg8 42. Qa8 d3 43. Rxf8+ Kg7 44. Rf7+ Qxf7 45. Nxf7 1-0

[Event "Bulgaria ch 2009"]
[Site "Blagoevgrad BUL"]
[Date "2009.02.13"]
[Round "2.1"]
[White "Pantev, Veselin"]
[Black "Kukov, Velislav"]
[Result "0-1"]
[WhiteElo "2381"]
[BlackElo "2373"]
[PlyCount "108"]
[EventDate "2009.02.12"]
[EventType "tourn"]
[EventRounds "13"]
[EventCountry "BUL"]
[EventCategory "8"]
[Source "lmi"]
[SourceDate "2009.02.12"]

1. e4 c6 2. Nc3 d5 3. Nf3 Bg4 4. Be2 e6 5. h3 Bxf3 6. Bxf3 Nf6 7. O-O Bb4 8. d3
Bxc3 9. bxc3 dxe4 10. dxe4 Qxd1 11. Rxd1 Nbd7 12. Ba3 O-O-O 13. Be7 Rde8 14.
Bd6 Nb6 15. e5 Nfd5 16. a4 Nc4 17. a5 Rd8 18. Rd4 Nxd6 19. exd6 Nxc3 20. a6 b5
21. Rg4 g6 22. Bxc6 Rxd6 23. Bb7+ Kc7 24. Ra3 Ne2+ 25. Kh2 Rhd8 26. Rb4 Nd4 27.
Ra2 Rb6 28. Rab2 Nf5 29. Rxb5 Rxb5 30. Rxb5 Nd6 31. Rc5+ Kb6 32. Rc6+ Kb5 33.
Rc7 Kb6 34. Rc6+ Kb5 35. Rc7 Nxb7 36. axb7 Rb8 37. Rxf7 a5 38. Rc7 a4 39. c4+
Kb6 40. Re7 Rxb7 41. Rxe6+ Ka5 42. c5 Kb5 43. f4 a3 44. c6 Ra7 45. Re2 Kxc6 46.
Ra2 Kb5 47. g4 Kb4 48. Kg3 Kb3 49. Ra1 Kb2 50. Rf1 a2 51. f5 gxf5 52. gxf5 Ra4
53. Rf2+ Kc3 54. Rf3+ Kb4 0-1

[Event "Bulgaria ch 2009"]
[Site "Blagoevgrad BUL"]
[Date "2009.02.13"]
[Round "2.2"]
[White "Radulski, Julian"]
[Black "Nikolov, Momchil"]
[Result "1-0"]
[WhiteElo "2579"]
[BlackElo "2478"]
[PlyCount "93"]
[EventDate "2009.02.12"]
[EventType "tourn"]
[EventRounds "13"]
[EventCountry "BUL"]
[EventCategory "8"]
[Source "lmi"]
[SourceDate "2009.02.12"]

1. e4 c5 2. Nf3 e6 3. d4 cxd4 4. Nxd4 a6 5. Nc3 Qc7 6. g3 Nf6 7. Bg2 Be7 8. O-O
O-O 9. g4 d6 10. g5 Nfd7 11. f4 Re8 12. f5 Ne5 13. f6 Bf8 14. fxg7 Bxg7 15.
Nce2 Nbd7 16. Ng3 Kh8 17. Nh5 Rg8 18. Kh1 b5 19. a4 b4 20. c3 Rb8 21. Bd2 bxc3
22. Bxc3 Nf8 23. Rc1 Qe7 24. Nf6 Bb7 25. Nf3 Bxf6 26. gxf6 Qe8 27. Qxd6 Ng4 28.
Ne5 Nxe5 29. Bxe5 Rxg2 30. Kxg2 Qxa4 31. Qd4 Bxe4+ 32. Kf2 Qxd4+ 33. Bxd4 Ng6
34. Rc7 e5 35. Bc3 Bd5 36. Rd1 Be6 37. Rd6 h5 38. Rxa6 Rd8 39. Ra5 Kh7 40. Bxe5
Nxe5 41. Rxe5 Kg6 42. Ke3 Rb8 43. Rc2 h4 44. Rf2 Rb6 45. Kd4 Ba2 46. Kc5 Rb3
47. Re1 1-0

[Event "Bulgaria ch 2009"]
[Site "Blagoevgrad BUL"]
[Date "2009.02.13"]
[Round "2.4"]
[White "Berbatov, Kiprian"]
[Black "Arnaudov, G  Petar"]
[Result "0-1"]
[WhiteElo "2392"]
[BlackElo "2347"]
[PlyCount "108"]
[EventDate "2009.02.12"]
[EventType "tourn"]
[EventRounds "13"]
[EventCountry "BUL"]
[EventCategory "8"]
[Source "lmi"]
[SourceDate "2009.02.12"]

1. e4 c6 2. d4 d5 3. e5 c5 4. dxc5 e6 5. Bd3 Nc6 6. Nf3 Bxc5 7. O-O f6 8. Bf4
g5 9. Bg3 g4 10. Nh4 f5 11. h3 Be7 12. hxg4 Bxh4 13. gxf5 h5 14. Qf3 exf5 15.
Nc3 Bxg3 16. Qxg3 Kf8 17. Nb5 h4 18. Qf4 Nge7 19. e6 Bxe6 20. Nc7 Kf7 21. Rfe1
Ng6 22. Qh2 Bd7 23. Nxa8 Qxa8 24. Qd6 Qc8 25. Re3 d4 26. Bc4+ Kg7 27. Re2 Qd8
28. Rae1 Bc8 29. Qxd8 Rxd8 30. Re8 Rxe8 31. Rxe8 Bd7 32. Re1 Kf6 33. a3 f4 34.
f3 Bf5 35. Re2 Nge7 36. Rd2 Ne5 37. Be2 N7c6 38. b4 a6 39. Kf2 Ke6 40. a4 Kd5
41. b5 axb5 42. Bxb5 Nb4 43. c3 Nbd3+ 44. Bxd3 Nxd3+ 45. Ke2 dxc3 46. Rxd3+
Bxd3+ 47. Kxd3 c2 48. Kxc2 Kc4 49. a5 Kb4 50. Kd3 Kxa5 51. Ke4 b5 52. Kxf4 b4
53. Ke3 Ka4 54. Kd2 Ka3 0-1

[Event "Bulgaria ch 2009"]
[Site "Blagoevgrad BUL"]
[Date "2009.02.13"]
[Round "2.6"]
[White "Filev, Georgi"]
[Black "Chatalbashev, Boris"]
[Result "0-1"]
[WhiteElo "2378"]
[BlackElo "2560"]
[PlyCount "74"]
[EventDate "2009.02.12"]
[EventType "tourn"]
[EventRounds "13"]
[EventCountry "BUL"]
[EventCategory "8"]
[Source "lmi"]
[SourceDate "2009.02.12"]

1. e4 g6 2. d4 Bg7 3. Nc3 c6 4. h3 d6 5. Be3 b5 6. a3 Bb7 7. f4 Nd7 8. Nf3 a6
9. Bd3 c5 10. d5 Ngf6 11. O-O O-O 12. Qd2 Qc7 13. Rfe1 e6 14. dxe6 fxe6 15.
Rad1 d5 16. exd5 exd5 17. Bf2 d4 18. Ne4 c4 19. Nxf6+ Nxf6 20. Bf1 Ne4 21. Rxe4
Bxe4 22. Nxd4 Qxf4 23. Be3 Qe5 24. c3 Rae8 25. Re1 Bb7 26. Bf2 Qd5 27. Re2 Re4
28. Rxe4 Qxe4 29. a4 Qd5 30. axb5 axb5 31. Qe2 Be5 32. Qe1 Re8 33. Qd2 Bc7 34.
Nf3 Qxd2 35. Nxd2 Bf4 36. Nb1 Bc1 37. Na3 Bc6 0-1

[Event "Bulgaria ch 2009"]
[Site "Blagoevgrad BUL"]
[Date "2009.02.13"]
[Round "2.7"]
[White "Rusev, Krasimir"]
[Black "Enchev, Ivajlo"]
[Result "1-0"]
[WhiteElo "2546"]
[BlackElo "2382"]
[PlyCount "53"]
[EventDate "2009.02.12"]
[EventType "tourn"]
[EventRounds "13"]
[EventCountry "BUL"]
[EventCategory "8"]
[Source "lmi"]
[SourceDate "2009.02.12"]

1. d4 d5 2. Nf3 Nf6 3. c4 c6 4. cxd5 cxd5 5. Nc3 Nc6 6. Bf4 Bf5 7. e3 a6 8. Be2
e6 9. Qb3 Ra7 10. Ne5 Nxe5 11. Bxe5 Nd7 12. O-O Nxe5 13. dxe5 Qa5 14. Rac1 Be7
15. e4 Bxe4 16. Nxe4 dxe4 17. Rc8+ Bd8 18. Qe3 b6 19. Qg5 f6 20. Bh5+ Kd7 21.
Qxg7+ Kxc8 22. Qxa7 Qxe5 23. Be2 Bc7 24. g3 Rd8 25. Bxa6+ Kd7 26. Rc1 f5 27.
Qb7 1-0

[Event "Bulgaria ch 2009"]
[Site "Blagoevgrad BUL"]
[Date "2009.02.14"]
[Round "3.1"]
[White "Enchev, Ivajlo"]
[Black "Pantev, Veselin"]
[Result "1/2-1/2"]
[WhiteElo "2382"]
[BlackElo "2381"]
[PlyCount "77"]
[EventDate "2009.02.12"]
[EventType "tourn"]
[EventRounds "13"]
[EventCountry "BUL"]
[EventCategory "8"]
[Source "lmi"]
[SourceDate "2009.02.12"]

1. d4 Nf6 2. c4 e6 3. Nc3 Bb4 4. Qc2 O-O 5. a3 Bxc3+ 6. Qxc3 Qe8 7. f3 d5 8.
Bg5 Nbd7 9. e3 h6 10. Bh4 dxc4 11. Bxc4 c6 12. e4 e5 13. Bxf6 gxf6 14. Ne2 Nb6
15. Bd3 exd4 16. Qxd4 Qe5 17. Qe3 Kg7 18. O-O Nd5 19. Qf2 Nf4 20. Qg3+ Ng6 21.
f4 Qc5+ 22. Kh1 Kh7 23. e5 Qe7 24. Nc3 f5 25. Qh3 Qh4 26. Qxh4 Nxh4 27. g3 Ng6
28. Rad1 Be6 29. Rd2 Kg7 30. Nd1 f6 31. exf6+ Kxf6 32. Ne3 Rad8 33. Rfd1 Ne7
34. Bc4 Rxd2 35. Rxd2 Bxc4 36. Nxc4 Nd5 37. Re2 Ne7 38. Rd2 Nd5 39. Re2 1/2-1/2

[Event "Bulgaria ch 2009"]
[Site "Blagoevgrad BUL"]
[Date "2009.02.14"]
[Round "3.2"]
[White "Chatalbashev, Boris"]
[Black "Rusev, Krasimir"]
[Result "1/2-1/2"]
[WhiteElo "2560"]
[BlackElo "2546"]
[PlyCount "45"]
[EventDate "2009.02.12"]
[EventType "tourn"]
[EventRounds "13"]
[EventCountry "BUL"]
[EventCategory "8"]
[Source "lmi"]
[SourceDate "2009.02.12"]

1. Nf3 Nf6 2. d4 e6 3. c4 d5 4. Nc3 dxc4 5. e4 Bb4 6. Bg5 c5 7. Bxc4 cxd4 8.
Nxd4 Bxc3+ 9. bxc3 Qa5 10. Bb5+ Bd7 11. Bxf6 gxf6 12. Qb3 Bxb5 13. Nxb5 O-O 14.
O-O Nc6 15. c4 Rad8 16. c5 Nd4 17. Qg3+ Kh8 18. Qh4 Qxb5 19. Qxf6+ Kg8 20. Qg5+
Kh8 21. Qf6+ Kg8 22. Qg5+ Kh8 23. Qf6+ 1/2-1/2

[Event "Bulgaria ch 2009"]
[Site "Blagoevgrad BUL"]
[Date "2009.02.14"]
[Round "3.3"]
[White "Vutov, M  Mario"]
[Black "Filev, Georgi"]
[Result "1/2-1/2"]
[WhiteElo "2262"]
[BlackElo "2378"]
[PlyCount "82"]
[EventDate "2009.02.12"]
[EventType "tourn"]
[EventRounds "13"]
[EventCountry "BUL"]
[EventCategory "8"]
[Source "lmi"]
[SourceDate "2009.02.12"]

1. e4 c5 2. Nf3 Nc6 3. d4 cxd4 4. Nxd4 Nf6 5. Nc3 e5 6. Ndb5 d6 7. Bg5 a6 8.
Na3 b5 9. Nd5 Be7 10. Bxf6 Bxf6 11. c4 b4 12. Nc2 a5 13. g3 Bg5 14. h4 Bh6 15.
Bh3 Be6 16. Bxe6 fxe6 17. Qh5+ Kf8 18. Nde3 Qf6 19. O-O Ke7 20. Rad1 Bxe3 21.
fxe3 Qg6 22. Qxg6 hxg6 23. Ne1 Nb8 24. Nd3 Nd7 25. Kg2 Rac8 26. b3 Rhf8 27.
Rxf8 Rxf8 28. Rd2 Nc5 29. Nxc5 dxc5 30. g4 a4 31. g5 axb3 32. axb3 Ra8 33. Kf3
Ra1 34. Rb2 Kd6 35. Rd2+ Ke7 36. Rb2 Kd6 37. Rd2+ Kc7 38. Rb2 Rf1+ 39. Kg2 Ra1
40. Kf3 Kd6 41. Rd2+ Ke7 1/2-1/2

[Event "Bulgaria ch 2009"]
[Site "Blagoevgrad BUL"]
[Date "2009.02.14"]
[Round "3.4"]
[White "Arnaudov, G  Petar"]
[Black "Lilov, Valeri"]
[Result "1-0"]
[WhiteElo "2347"]
[BlackElo "2443"]
[PlyCount "71"]
[EventDate "2009.02.12"]
[EventType "tourn"]
[EventRounds "13"]
[EventCountry "BUL"]
[EventCategory "8"]
[Source "lmi"]
[SourceDate "2009.02.12"]

1. Nf3 Nf6 2. c4 e6 3. g3 b6 4. d4 Bb7 5. Bg2 Be7 6. O-O O-O 7. d5 d6 8. Nd4 e5
9. Nf5 Ne8 10. f4 Bf6 11. Nc3 exf4 12. gxf4 Bc8 13. Nd4 g6 14. Ne4 Bxd4+ 15.
Qxd4 f5 16. Ng3 Qf6 17. Qd2 Nd7 18. Rb1 a5 19. b3 Nc5 20. Bb2 Qh4 21. Rbe1 Nf6
22. Qd4 Qh6 23. e4 fxe4 24. f5 g5 25. Nxe4 Ncxe4 26. Bxe4 Bd7 27. Bg2 Rf7 28.
Re3 Raf8 29. Rg3 Kh8 30. Qd2 Rg8 31. Bc1 Rfg7 32. Rh3 Nh5 33. Qe2 Be8 34. f6
Rd7 35. Bb2 Bf7 36. Rxh5 1-0

[Event "Bulgaria ch 2009"]
[Site "Blagoevgrad BUL"]
[Date "2009.02.14"]
[Round "3.6"]
[White "Nikolov, Momchil"]
[Black "Petkov, Vladimir"]
[Result "0-1"]
[WhiteElo "2478"]
[BlackElo "2504"]
[PlyCount "82"]
[EventDate "2009.02.12"]
[EventType "tourn"]
[EventRounds "13"]
[EventCountry "BUL"]
[EventCategory "8"]
[Source "lmi"]
[SourceDate "2009.02.12"]

1. d4 Nf6 2. c4 e6 3. Nc3 Bb4 4. Qc2 O-O 5. a3 Bxc3+ 6. Qxc3 b5 7. cxb5 c6 8.
Bg5 cxb5 9. e3 Bb7 10. Nf3 a6 11. Be2 Nc6 12. Rc1 Rc8 13. Bxf6 Qxf6 14. O-O d6
15. Qd2 e5 16. Rfd1 exd4 17. Nxd4 Nxd4 18. Qxd4 Qxd4 19. exd4 f5 20. f3 Kf7 21.
Kf2 Ke6 22. Bd3 Bd5 23. Re1+ Kf6 24. h4 h6 25. Ke3 g6 26. Kd2 g5 27. hxg5+ Kxg5
28. Ke3 Rfe8+ 29. Kf2 Bc4 30. Bb1 h5 31. g3 f4 32. gxf4+ Kxf4 33. Re4+ Rxe4 34.
fxe4 Be6 35. Re1 Rc4 36. e5 Rxd4 37. exd6 Bg4 38. Kg1 Rxd6 39. Rf1+ Kg3 40. Be4
h4 41. Rc1 Rd1+ 0-1

[Event "Bulgaria ch 2009"]
[Site "Blagoevgrad BUL"]
[Date "2009.02.14"]
[Round "3.7"]
[White "Kukov, Velislav"]
[Black "Radulski, Julian"]
[Result "1/2-1/2"]
[WhiteElo "2373"]
[BlackElo "2579"]
[PlyCount "86"]
[EventDate "2009.02.12"]
[EventType "tourn"]
[EventRounds "13"]
[EventCountry "BUL"]
[EventCategory "8"]
[Source "lmi"]
[SourceDate "2009.02.12"]

1. d4 d5 2. Nf3 e6 3. c4 c6 4. Nc3 Nf6 5. Bg5 Nbd7 6. e3 Qa5 7. Nd2 dxc4 8.
Bxf6 Nxf6 9. Nxc4 Qd8 10. Be2 Be7 11. O-O O-O 12. Ne5 Nd7 13. Nxd7 Bxd7 14. Bf3
c5 15. dxc5 Bxc5 16. Bxb7 Rb8 17. Be4 f5 18. Bc2 Rxb2 19. Na4 Bxa4 20. Qxd8
Rxd8 21. Bxa4 Rdd2 22. Bb3 Kf7 23. Rab1 Rxb1 24. Rxb1 f4 25. Re1 Kf6 26. Kf1
fxe3 27. fxe3 h5 28. Re2 Rd7 29. Rf2+ Ke5 30. Ke2 g5 31. h3 Bb4 32. Rf1 Rd2+
33. Kf3 a5 34. Rc1 a4 35. Bxa4 Rxa2 36. Be8 h4 37. Bg6 Ra3 38. Rd1 Ba5 39. Rd3
Ra2 40. Rd1 Ra3 41. Rd3 Ra1 42. Rb3 Kf6 43. Bd3 Rc1 1/2-1/2

[Event "Bulgaria ch 2009"]
[Site "Blagoevgrad BUL"]
[Date "2009.02.15"]
[Round "4.3"]
[White "Berbatov, Kiprian"]
[Black "Nikolov, Momchil"]
[Result "0-1"]
[WhiteElo "2392"]
[BlackElo "2478"]
[PlyCount "110"]
[EventDate "2009.02.12"]
[EventType "tourn"]
[EventRounds "13"]
[EventCountry "BUL"]
[EventCategory "8"]
[Source "lmi"]
[SourceDate "2009.02.12"]

1. e4 c5 2. Nf3 e6 3. d4 cxd4 4. Nxd4 a6 5. Nc3 Qc7 6. f4 d6 7. Bd3 Nf6 8. O-O
Be7 9. Kh1 Nbd7 10. g4 h6 11. Qe2 b5 12. a4 b4 13. Nd1 Bb7 14. Nf2 g5 15. f5 e5
16. Nb3 h5 17. Kg1 hxg4 18. Be3 d5 19. c3 dxe4 20. Bc2 bxc3 21. bxc3 Nb6 22.
Na5 Bd5 23. Rfd1 Nbd7 24. c4 Bc6 25. Nxc6 Qxc6 26. a5 Nc5 27. Bxg5 Rc8 28. Rdb1
Nfd7 29. Bxe7 Kxe7 30. Nxe4 Nxe4 31. Bxe4 Qc5+ 32. Qf2 Qxf2+ 33. Kxf2 Rxc4 34.
Bd3 Rf4+ 35. Kg2 Nc5 36. Be2 Rxf5 37. Rb4 Rfh5 38. Bxg4 Rxh2+ 39. Kg3 Rc2 40.
Rf1 Rc3+ 41. Rf3 Rxf3+ 42. Kxf3 Rh2 43. Rb6 Ra2 44. Rc6 Rxa5 45. Rc7+ Kd6 46.
Rxf7 Ra3+ 47. Ke2 a5 48. Bf3 e4 49. Bh1 a4 50. Rf8 Rg3 51. Kf2 Rb3 52. Rd8+ Ke5
53. Re8+ Kd4 54. Rd8+ Kc4 55. Rc8 a3 0-1

[Event "Bulgaria ch 2009"]
[Site "Blagoevgrad BUL"]
[Date "2009.02.15"]
[Round "4.4"]
[White "Lilov, Valeri"]
[Black "Bojkov, Dejan"]
[Result "1/2-1/2"]
[WhiteElo "2443"]
[BlackElo "2477"]
[PlyCount "91"]
[EventDate "2009.02.12"]
[EventType "tourn"]
[EventRounds "13"]
[EventCountry "BUL"]
[EventCategory "8"]
[Source "lmi"]
[SourceDate "2009.02.12"]

1. e4 e5 2. Nf3 Nc6 3. Bc4 Be7 4. d4 d6 5. h3 Nf6 6. Nc3 O-O 7. O-O exd4 8.
Nxd4 Ne5 9. Bb3 c5 10. Nf3 c4 11. Nxe5 cxb3 12. Nf3 bxa2 13. Rxa2 Be6 14. Ra4
Qb6 15. Be3 Qc7 16. Rd4 a6 17. Bf4 Rfd8 18. Qd2 Rac8 19. Rd1 Ne8 20. Bg5 Bxg5
21. Nxg5 Qb6 22. Rb1 Qc5 23. Nf3 b5 24. Rc1 Qb6 25. Ne2 Rc4 26. c3 Rdc8 27. Ra1
a5 28. Qe3 R4c6 29. Nf4 h6 30. e5 dxe5 31. Nxe5 Rc5 32. Nd7 Bxd7 33. Rxd7 Nf6
34. Rd4 Re8 35. Qf3 Rce5 36. Qd1 b4 37. Nd3 Re2 38. Qa4 bxc3 39. bxc3 Qc7 40.
c4 Rd2 41. c5 Rd8 42. Rxd8+ Qxd8 43. Ne5 Rd5 44. Nc6 Qf8 45. Qxa5 Qxc5 46. Qxc5
1/2-1/2

[Event "Bulgaria ch 2009"]
[Site "Blagoevgrad BUL"]
[Date "2009.02.15"]
[Round "4.5"]
[White "Filev, Georgi"]
[Black "Arnaudov, G  Petar"]
[Result "1/2-1/2"]
[WhiteElo "2378"]
[BlackElo "2347"]
[PlyCount "61"]
[EventDate "2009.02.12"]
[EventType "tourn"]
[EventRounds "13"]
[EventCountry "BUL"]
[EventCategory "8"]
[Source "lmi"]
[SourceDate "2009.02.12"]

1. e4 c6 2. d4 d5 3. e5 g6 4. Nf3 Bg7 5. Be2 f6 6. exf6 exf6 7. O-O Ne7 8. Nbd2
O-O 9. Nb3 g5 10. Bd3 b6 11. Re1 Ng6 12. c3 g4 13. Nfd2 a5 14. a4 f5 15. Nf1
Ra7 16. Ng3 f4 17. Nh5 Bh6 18. g3 fxg3 19. fxg3 Bxc1 20. Nxc1 Raf7 21. Bxg6
hxg6 22. Nf4 Qf6 23. Ncd3 g5 24. Ng2 Ba6 25. Ne5 Qf2+ 26. Kh1 Be2 27. Qb1 Rf5
28. Nd3 Qf3 29. Ne5 Qf2 30. Nd3 Qf3 31. Ne5 1/2-1/2

[Event "Bulgaria ch 2009"]
[Site "Blagoevgrad BUL"]
[Date "2009.02.15"]
[Round "4.6"]
[White "Rusev, Krasimir"]
[Black "Vutov, M  Mario"]
[Result "1/2-1/2"]
[WhiteElo "2546"]
[BlackElo "2262"]
[PlyCount "104"]
[EventDate "2009.02.12"]
[EventType "tourn"]
[EventRounds "13"]
[EventCountry "BUL"]
[EventCategory "8"]
[Source "lmi"]
[SourceDate "2009.02.12"]

1. d4 c5 2. d5 e5 3. e4 d6 4. c4 Be7 5. Nf3 Bg4 6. Nbd2 Nf6 7. Be2 O-O 8. O-O
Na6 9. Ne1 Bxe2 10. Qxe2 Nd7 11. a3 Bg5 12. Nd3 Nc7 13. b4 b6 14. g3 a5 15. b5
Bxd2 16. Bxd2 f5 17. f4 fxe4 18. Qxe4 exf4 19. Rxf4 Rxf4 20. Qxf4 Qf6 21. Qxf6
Nxf6 22. Bf4 Rd8 23. Re1 Kf7 24. Kg2 h6 25. h4 Nh5 26. Bd2 Re8 27. Kf3 Rxe1 28.
Bxe1 Nf6 29. g4 h5 30. gxh5 Nxh5 31. Kg4 Kg6 32. Nf4+ Nxf4 33. Kxf4 Ne8 34. h5+
Kf7 35. Kf5 Nf6 36. Bg3 Nxh5 37. Bxd6 Nf6 38. Bf4 Nd7 39. a4 g6+ 40. Kg5 Kg7
41. Bd2 Kf7 42. Bc3 Nb8 43. Kf4 Nd7 44. Be1 Kf6 45. Bh4+ Kf7 46. Ke4 Ke8 47.
Bg5 Kf7 48. Kf4 Kg7 49. Bd8 Kf7 50. Ke4 Ke8 51. Bh4 Kf7 52. Bg5 Ke8 1/2-1/2

[Event "Bulgaria ch 2009"]
[Site "Blagoevgrad BUL"]
[Date "2009.02.15"]
[Round "4.7"]
[White "Enchev, Ivajlo"]
[Black "Chatalbashev, Boris"]
[Result "0-1"]
[WhiteElo "2382"]
[BlackElo "2560"]
[PlyCount "116"]
[EventDate "2009.02.12"]
[EventType "tourn"]
[EventRounds "13"]
[EventCountry "BUL"]
[EventCategory "8"]
[Source "lmi"]
[SourceDate "2009.02.12"]

1. c4 g6 2. Nc3 Bg7 3. g3 Nf6 4. Bg2 O-O 5. e4 d6 6. Nge2 c6 7. O-O e5 8. d4
exd4 9. Nxd4 Nbd7 10. h3 Re8 11. Re1 a6 12. Be3 Ne5 13. b3 c5 14. Nde2 Bxh3 15.
Bxh3 Nf3+ 16. Kh1 b5 17. Bg2 Nxe1 18. Qxe1 b4 19. e5 Rxe5 20. Nd5 Nxd5 21. Bxd5
Rxd5 22. cxd5 Bxa1 23. Qxa1 Qe7 24. Bh6 f6 25. Nf4 Qe5 26. Qd1 g5 27. Qg4 Re8
28. Qd7 Qe7 29. Qg4 Qf7 30. Ne6 Qg6 31. Bg7 h5 32. Qf3 Kf7 33. Kh2 a5 34. Qe2
Qxg7 35. Qb5 Rxe6 36. dxe6+ Kxe6 37. Qe2+ Kd7 38. Qb5+ Ke6 39. Qe2+ Kf7 40.
Qxh5+ Qg6 41. Qf3 Qc2 42. Qd5+ Ke7 43. Kg2 f5 44. Qg8 Qe4+ 45. Kg1 Qe1+ 46. Kg2
Qe4+ 47. Kg1 g4 48. Qg5+ Ke6 49. Qg6+ Kd5 50. Qg8+ Qe6 51. Qg7 Qe1+ 52. Kg2
Qe4+ 53. Kg1 Qe6 54. Kh2 Ke4 55. Qb2 Kd3 56. Qb1+ Ke2 57. Kg1 Qe4 58. Qb2+ Kd1
0-1

[Event "Bulgaria ch 2009"]
[Site "Blagoevgrad BUL"]
[Date "2009.02.15"]
[Round "5.1"]
[White "Chatalbashev, Boris"]
[Black "Pantev, Veselin"]
[Result "1-0"]
[WhiteElo "2560"]
[BlackElo "2381"]
[PlyCount "53"]
[EventDate "2009.02.12"]
[EventType "tourn"]
[EventRounds "13"]
[EventCountry "BUL"]
[EventCategory "8"]
[Source "lmi"]
[SourceDate "2009.02.12"]

1. d4 Nf6 2. c4 e6 3. Nc3 d5 4. cxd5 exd5 5. Bg5 c6 6. e3 Be7 7. Bd3 Nbd7 8.
Qc2 O-O 9. Nf3 Re8 10. O-O Nf8 11. h3 Ng6 12. Ne5 Nd7 13. Bxe7 Qxe7 14. f4 Ndf8
15. Rae1 Qd6 16. Kh1 Bd7 17. e4 Qb4 18. exd5 Qxd4 19. Rd1 Qb6 20. Nxf7 Kxf7 21.
dxc6 Qxc6 22. Bb5 Qc7 23. Qb3+ Be6 24. Nd5 Bxd5 25. Rxd5 Kf6 26. g4 Re4 27.
Rf5+ 1-0